=LDR 00000nam 2200000 4500 =001 INLIS000000000023133 =005 20200910072103 =035 ##$$a 0010-061300000023133 =008 200910###########################0###### =041 ##$$a Ind =082 ##$$a 2X5.12 =090 ##$$a 2X5.12, Sya s =100 ##$$a Syarqawi Muhammad Abdullah =245 1#$$a Sufisme dan akal, Muhammad Abdullah Syarkawi =260 ##$$a 2003 :$b Bandung =300 ##$$a 277 hlm, 23 cm =650 #4$$a Sufi - ilmu =850 ##$$a NBPNMAT =990 ##$$a 20400361